Words that sound like countries - Statistics

General Stats
  • This quiz has been taken 21 times
  • The average score is 15 of 24
Answer Stats
Hint Answer % Correct
Norse way Norway
100%
Thin land Finland
95%
You gone dah Uganda
95%
Me and Mar Myanmar
90%
All us trail he yuh Australia
85%
Bull scary ya Bulgaria
85%
Lie beer and a Liberia
85%
Mount in agro Montenegro
85%
Pair a day Paraguay
85%
Hey in goal la Angola
80%
Sir be ya Serbia
80%
You might did keep dumb United Kingdom
60%
Send it all Senegal
55%
Eerie yawn Iran
45%
My crowd needs you Micronesia
45%
Chin seat's dad in tote bag snows Trinidad and Tobago
45%
Green Prada Grenada
40%
Scent trails are frickin repulsive Central African Republic
35%
Then don't crack it to corrupt up like it's Chicago Democratic Republic of the Congo
35%
Cast stick ands Kazakhstan
35%
Tossing knees up and hairs are going up Bosnia and Herzegovina
30%
Raw seeds her radian Saudi Arabia
30%
I'm very cold Ivory coast
25%
Smirking Turkey
25%
No matching quizzes found
Score Distribution
Percent of People with Each Score
Percentile by Number Answered
Your Score History
You have not taken this quiz